Biblioteca

El concepto de Wesley sobre la perfección cristiana (Registro nro. 33842)

Detalles MARC
000 -LÍDER
Campo fijo de descripción fija 01194nam a22003257a 4500
001 - NÚMERO DE CONTROL
Campo de control 3139
003 - IDENTIFICADOR DEL NÚMERO DE CONTROL
Campo de control CO-MdFUSB
005 - FECHA Y HORA DE LA ULTIMA TRANSACCIÓN
control field 20190409123729.0
008 - ELEMENTOS DE LONGITUD FIJA -- INFORMACIÓN GENERAL
Campo fijo de descripción fija -- Información general 180508t1964 xxu||||| |||| 00| 0 spa d
020 ## - NÚMERO INTERNACIONAL NORMALIZADO PARA LIBROS
Número Internacional Normalizado del libro 9781563440632
040 ## - FUENTE DE CATALOGACIÓN
Agencia de catalogación original CO-MdFUSB
Idioma de catalogación spa
Agencia que realiza la transcripción CO-MdFUSB
Agencia que realiza la modificación CO-MdFUSBC
Convenciones de la descripción rda
041 0# - CÓDIGO DE IDIOMA
Código de idioma para texto/pista de sonido o título separado spa
Código de idioma original eng
082 04 - NÚMERO DE CLASIFICACIÓN DECIMAL DEWEY
Número de clasificación 234.8
Número de la edición del Dewey 22
Clave de autor-Numero de item C8771c
100 1# - ASIENTO PRINCIPAL--NOMBRE PERSONAL
Nombre personal Cox, Leo George (1912-)
Término relacionador autor
240 ## - TITULO UNIFORME
Título uniforme <a href="John Wesley's concept of perfection">John Wesley's concept of perfection</a>
245 #3 - TÍTULO
Título del Material El concepto de Wesley sobre la perfección cristiana
Mención de responsabilidad, etc. / Leo George Cox ; Josué Mora, Traductor
264 #1 - PRODUCCIÓN, PUBLICACIÓN, DISTRIBUCIÓN, MANUFACTURA, Y COPYRIGHT
Lugar de producción, publicación, distribución, manufactura Kansas City, Missouri :
Nombre del productor, publicador, distribuidor Casa Nazarena,
Fecha de producción, publicación, distribución, manufactura, o copyright [1964]
264 #4 - PRODUCCIÓN, PUBLICACIÓN, DISTRIBUCIÓN, MANUFACTURA, Y COPYRIGHT
Fecha de producción, publicación, distribución, manufactura, o copyright ©1964
300 ## - DESCRIPCIÓN FÍSICA
Extensión 270 páginas
Dimensiones ; 22 cm.
336 ## - TIPO DE CONTENIDO
Fuente rdacontent
Término de tipo de contenido texto
Código de tipo de contenido txt
337 ## - TIPO DE MEDIO
Fuente rdamedia
Nombre del tipo de medio sin mediación
Código del tipo de medio n
338 ## - TIPO DE SOPORTE
Fuente rdacarrier
Nombre del tipo de soporte volumen
Código Tipo de soporte nc
500 ## - NOTA GENERAL
Nota General Título original : John Wesley's concept of perfection
505 0# - NOTA DE CONTENIDO
Nota de contenido con formato preestablecido - Introducción - El pecado y la gracia - Pasos o etapas de la perfección - La Perfección presente - Los limites humanos - Los del pecado Santificado
563 ## - NOTA DE ENCUADERNACIÓN
Nota de encuadernación Rústico.
600 10 - ASIENTO SECUNDARIO DE MATERIA - NOMBRE PERSONAL
Nombre personal Wesley, John,
Fechas asociadas con el nombre 1703-1791
650 #0 - ASIENTO SECUNDARIO DE MATERIA - TERMINO TEMÁTICO
Término temático o nombre geográfico como elemento de entrada Santidad
9 (RLIN) 393
653 ## - TÉRMINO DE INDIZACIÓN - NO CONTROLADO
Término no controlado Historia de las doctrinas
942 ## - TIPO DE MATERIAL (KOHA)
Tipo de Item KOHA Libros General
Existencias
Estado de Material Estado de Perdido Forma de Clasificación Estado de Dañado No para Préstamo Colección Tomo Biblioteca de Origen Biblioteca Permanente Fecha de Adquisición Total de Préstamos Signatura Topográfica Código de Barras Última vez visto Última vez Préstado Ejemplar/Existencia Fecha de Remplazo Tipo de Material Total de Renovaciones
    Dewey Decimal Classification     Colección General   Biblioteca FUSBC Biblioteca FUSBC 01/12/2004 1 G 234.8 C877c 2692 10/07/2023 07/07/2023 ej. 1 26/01/2016 Libros General  
    Dewey Decimal Classification     Colección General   Biblioteca FUSBC Biblioteca FUSBC 01/12/2004 2 G 234.8 C877c 2693 12/12/2019 02/02/2018 ej. 2 26/01/2016 Libros General  
    Dewey Decimal Classification     Colección General   Biblioteca FUSBC Biblioteca FUSBC 01/12/2004 3 G 234.8 C877c 22098 14/09/2022 13/09/2022 ej. 3 26/01/2016 Libros General 1

Biblioteca FUSBC | Teléfono: (57+4) 349 88 10 Ext. 141| WhatsApp (+57) 3005338115 
E-mail: biblioteca@unisbc.edu.co | Calle 76 87-14 Robledo Palenque, Medellín, Colombia

Con tecnología Koha